[Event "CHI-chT"]
[Site "Santiago de Chile"]
[Date "2019.09.12"]
[Round "2.3"]
[White "Gonzalez Astete, Cristian"]
[Black "Lay Bobadilla, Patrick"]
[Result "1/2-1/2"]
[WhiteElo "2162"]
[BlackElo "1887"]
[PlyCount "86"]
[EventDate "2019.09.05"]
[EventType "team-swiss"]
[EventRounds "9"]
[EventCountry "CHI"]
[SourceTitle "CBM 193 Extra"]
[Source "ChessBase"]
[SourceDate "2020.01.31"]
[SourceVersion "1"]
[SourceVersionDate "2020.01.31"]
[SourceQuality "1"]
[WhiteTeam "Maipu CC"]
[BlackTeam "La Florida CC USM"]
[WhiteTeamCountry "CHI"]
[BlackTeamCountry "CHI"]

1. d4 e6 2. c4 Nf6 3. Nf3 b6 4. Bg5 Be7 5. e3 Bb7 6. Bd3 Ne4 7. Bxe7 Qxe7 8. 0-0 0-0 9. Qc2 f5 10. Nbd2 Nxd2 11. Nxd2 Qf6 12. f4 Nc6 13. a3 Ne7 14. b4 Ng6 15. Nf3 Nh4 16. Nxh4 Qxh4 17. d5 Rf6 18. Rad1 Rh6 19. g3 Rg6 20. e4 exd5 21. exd5 Qh5 22. Bxf5 Rd6 23. Rfe1 Rf8 24. Re5 Qf3 25. Bxh7+ Kh8 26. Rf1 Qxa3 27. Rfe1 Rh6 28. Re8 Qxb4 29. Rxf8+ Qxf8 30. Bg6 Qc5+ 31. Kf1 Rxg6 32. Qxg6 Qxc4+ 33. Kg2 Bxd5+ 34. Kh3 Bf7 35. Qg5 Qc5 36. Qd8+ Kh7 37. Re5 Qc6 38. Rg5 a5 39. Qf8 Qf6 40. g4 Qc3+ 41. Kh4 Qe1+ 42. Kh3 Qe3+ 43. Kh4 Qf2+ 1/2-1/2

[Event "CHI-chT"]
[Site "Santiago de Chile"]
[Date "2012.11.27"]
[Round "2"]
[White "Hilgendorf, Niccolo"]
[Black "Gonzalez Astete, Cristian"]
[Result "0-1"]
[WhiteElo "1875"]
[BlackElo "2150"]
[PlyCount "33"]
[EventDate "2012.11.22"]
[EventType "team-tourn"]
[EventRounds "9"]
[EventCountry "CHI"]
[SourceTitle "EXT 2014"]
[Source "ChessBase"]
[SourceDate "2013.11.20"]
[SourceVersion "1"]
[SourceVersionDate "2013.11.20"]
[SourceQuality "1"]

1. d4 Nf6 2. c4 g6 3. Nc3 d5 4. e3 Bg7 5. Bd3 0-0 6. Nge2 Re8 7. 0-0 e5 8. dxe5 Rxe5 9. cxd5 c6 10. e4 cxd5 11. exd5 Bg4 12. f3 Qb6+ 13. Kh1 Nbd7 14. Bf4 Bf5 15. Bxe5 Nxe5 16. Bxf5 gxf5 17. Qd4 0-1

[Event "CHI-chT"]
[Site "Santiago de Chile"]
[Date "2008.12.02"]
[Round "8"]
[White "Cortes Moyano, Julio"]
[Black "Gonzalez Astete, Cristian"]
[Result "1-0"]
[WhiteElo "2286"]
[BlackElo "2165"]
[PlyCount "95"]
[EventDate "2008.11.04"]
[EventType "team-tourn"]
[EventRounds "9"]
[EventCountry "CHI"]
[SourceTitle "EXT 2012"]
[Source "ChessBase"]
[SourceDate "2011.11.24"]
[SourceVersion "1"]
[SourceVersionDate "2011.11.24"]
[SourceQuality "1"]

1. e4 c5 2. c3 d5 3. exd5 Qxd5 4. d4 Nc6 5. Nf3 Bg4 6. Be2 cxd4 7. cxd4 e6 8. Nc3 Bb4 9. 0-0 Qa5 10. Ne4 Rd8 11. Be3 Be7 12. Qb3 Qd5 13. Nc5 Bxc5 14. Qxd5 Rxd5 15. dxc5 Nf6 16. h3 Bh5 17. a3 0-0 18. b4 Rfd8 19. b5 Na5 20. Rac1 Rc8 21. g4 Bg6 22. Nd2 Rxd2 23. Bxd2 Nb3 24. Be3 Nxc1 25. Rxc1 Be4 26. f3 Bd5 27. Kf2 Kf8 28. Bd2 Nd7 29. Bb4 Ke8 30. Ke3 Ne5 31. h4 Kd7 32. h5 f6 33. f4 Nf7 34. Rd1 Kc7 35. Bd3 h6 36. Bg6 Nh8 37. Be4 Bxe4 38. Kxe4 Nf7 39. a4 Rd8 40. b6+ Kb8 41. Rxd8+ Nxd8 42. bxa7+ Kxa7 43. c6 bxc6 44. Bf8 Nf7 45. Bxg7 Nd6+ 46. Kd3 c5 47. g5 hxg5 48. fxg5 1-0

[Event "CHI-chT"]
[Site "Santiago de Chile"]
[Date "2007.10.16"]
[Round "1"]
[White "Gonzalez Astete, Cristian"]
[Black "Marin Munoz, Roque"]
[Result "1-0"]
[WhiteElo "2139"]
[BlackElo "2098"]
[PlyCount "64"]
[EventDate "2007.10.16"]
[EventType "team-tourn"]
[EventRounds "9"]
[EventCountry "CHI"]
[SourceTitle "EXT 2012"]
[Source "ChessBase"]
[SourceDate "2011.11.24"]
[SourceVersion "1"]
[SourceVersionDate "2011.11.24"]
[SourceQuality "1"]

1. d4 Nf6 2. c4 g6 3. Nc3 Bg7 4. e4 d6 5. Be2 0-0 6. Nf3 e5 7. 0-0 Nc6 8. d5 Ne7 9. b4 Nh5 10. Re1 f5 11. Nd2 Nf6 12. c5 Bh6 13. Bf1 Kh8 14. f3 Neg8 15. Nc4 Bxc1 16. Rxc1 Nh5 17. Nb5 fxe4 18. Rxe4 Ngf6 19. Re1 Ne8 20. Qd2 Rf4 21. Nxe5 dxe5 22. Rxe5 Rf7 23. Rce1 Nhg7 24. Qd4 Bd7 25. Nc3 Nf6 26. g4 Qf8 27. Bc4 Nfe8 28. Be2 Rf4 29. Re4 Rf7 30. h3 Nf6 31. Re5 Re8 32. f4 Ng8 1-0